The Main Drivers of Economic Growth in Landlocked Central Asian Countries: A Focus on the Digital Economy
Článok skúma hlavné faktory hospodárskeho rastu vo vnútrozemských krajinách Strednej Ázie so zameraním na úlohu digitálnej transformácie. Výskum využíva rozsiahly súbor údajov z rokov 1995 až 2022 a využíva pokročilé ekonometrické techniky.
Na minha lista:
| Autor principal: | |
|---|---|
| Outros Autores: | |
| Formato: | Capítulo de Livro |
| Idioma: | inglês |
| Assuntos: | |
| Tags: |
Sem tags, seja o primeiro a adicionar uma tag!
|
MARC
| LEADER | 00000naa$a2200000$$$4500 | ||
|---|---|---|---|
| 001 | 0314508 | ||
| 005 | 20260302101812.8 | ||
| 041 | 0 | |a eng | |
| 044 | |a US | ||
| 245 | 1 | 0 | |a The Main Drivers of Economic Growth in Landlocked Central Asian Countries: A Focus on the Digital Economy |c Zebo Kuldasheva, Martin Grešš |
| 520 | |a Článok skúma hlavné faktory hospodárskeho rastu vo vnútrozemských krajinách Strednej Ázie so zameraním na úlohu digitálnej transformácie. Výskum využíva rozsiahly súbor údajov z rokov 1995 až 2022 a využíva pokročilé ekonometrické techniky. | ||
| 610 | 2 | 0 | |a rast hospodársky |
| 610 | 2 | 0 | |a ekonomika digitálna |
| 610 | 2 | 0 | |a stredná Ázia |
| 610 | 2 | 0 | |a analýza ekonometrická |
| 610 | 2 | 0 | |a obchod elektronický |
| 610 | 2 | 0 | |a transformácia digitálna |
| 100 | 1 | |a Kuldasheva, Zebo | |
| 700 | 1 | |a Grešš, Martin, 1978- | |